Marvel Rivals: Hawkeye Skins by Picture - Statistics

General Stats
  • This quiz has been taken 14 times
  • The average score is 5 of 7
Answer Stats
Picture Answer % Correct
Ronin
100%
Old Man Hawkeye
86%
Binary Arrow
71%
Freefall
71%
Galactic Fangs
57%
Will of Galacta
57%
Tiger's Eye
43%
No matching quizzes found
Score Distribution
Percent of People with Each Score
Percentile by Number Answered
Your Score History
You have not taken this quiz